Build your own electric motorcycle (Record no. 11958)

000 -LEADER
fixed length control field 01741cam a2200337 a 4500
001 - CONTROL NUMBER
control field 15739911
005 - DATE AND TIME OF LATEST TRANSACTION
control field 20170105102352.0
008 - FIXED-LENGTH DATA ELEMENTS--GENERAL INFORMATION
fixed length control field 090515s2009 nyua b 001 0 eng
010 ## - LIBRARY OF CONGRESS CONTROL NUMBER
LC control number 2009020005
015 ## - NATIONAL BIBLIOGRAPHY NUMBER
National bibliography number GBA958884
Source bnb
016 7# - NATIONAL BIBLIOGRAPHIC AGENCY CONTROL NUMBER
Record control number 015291183
Source Uk
020 ## - INTERNATIONAL STANDARD BOOK NUMBER
International Standard Book Number 9780071622936 (alk. paper)
020 ## - INTERNATIONAL STANDARD BOOK NUMBER
International Standard Book Number 0071622934 (alk. paper)
035 ## - SYSTEM CONTROL NUMBER
System control number (OCoLC)ocn277205742
040 ## - CATALOGING SOURCE
Original cataloging agency DLC
Transcribing agency DLC
Modifying agency YDX
-- BTCTA
-- YDXCP
-- UKM
-- QBX
-- DLC
050 00 - LIBRARY OF CONGRESS CALL NUMBER
Classification number TL448.E44
Item number V64 2009
082 00 - DEWEY DECIMAL CLASSIFICATION NUMBER
Classification number 629.28/775
Edition number 22
082 00 - DEWEY DECIMAL CLASSIFICATION NUMBER
Classification number 629.2502
Edition number 22
100 1# - MAIN ENTRY--PERSONAL NAME
Personal name Vogel, Carl,
Dates associated with a name 1967-
245 10 - TITLE STATEMENT
Title Build your own electric motorcycle
Statement of responsibility, etc. Carl Vogel
260 ## - PUBLICATION, DISTRIBUTION, ETC.
Place of publication, distribution, etc. New York :
Name of publisher, distributor, etc. McGraw-Hill,
Date of publication, distribution, etc. c2009
300 ## - PHYSICAL DESCRIPTION
Extent xviii, 359 p. :
Other physical details ill. ;
Dimensions 24 cm.
490 0# - SERIES STATEMENT
Series statement TAB green guru guides
504 ## - BIBLIOGRAPHY, ETC. NOTE
Bibliography, etc. note Includes bibliographical references and index.
505 0# - FORMATTED CONTENTS NOTE
Formatted contents note Why you need to get an electric motorcycle today! -- Electric motorcycles save the environment and energy -- History of the electric motorcycle -- Current electric motorcycles on the market -- Geometry : a basic lesson on rake, trail, and suspension -- Frame and design -- Batteries -- Electric motors -- The motor controller -- The charger and battery management system -- Accessories and converters -- Electrical system and wiring -- The build -- Sources.
650 #0 - SUBJECT ADDED ENTRY--TOPICAL TERM
Topical term or geographic name entry element Electric motorcycles.
650 #0 - SUBJECT ADDED ENTRY--TOPICAL TERM
Topical term or geographic name entry element Home-built motorcycles.
906 ## - LOCAL DATA ELEMENT F, LDF (RLIN)
a 7
b cbc
c orignew
d 1
e ecip
f 20
g y-gencatlg
942 ## - ADDED ENTRY ELEMENTS (KOHA)
Source of classification or shelving scheme
Koha item type Book
Holdings
Withdrawn status Lost status Damaged status Not for loan Collection code Permanent Location Current Location Shelving location Date acquired Source of acquisition Cost, normal purchase price Total Checkouts Full call number Barcode Date last seen Date last checked out Price effective from Koha item type
          Central Library (CL) Central Library (CL) General Stacks 07/03/2013 Progressive International Agencies 2173.64 2 629.28775 VOG SEECS012552 01/24/2019 01/01/2019 01/05/2017 Book
© 2023 Central Library, National University of Sciences and Technology. All Rights Reserved.